Elektronické zabezpečenie malých objektov

Na minha lista:
Detalhes bibliográficos
Autor principal: Juhász, Peter, 1988- (Author)
Outros Autores: Kempný, Milan, 1942- (Thesis advisor)
Formato: Manuscrito Livro
Idioma:eslovaco
Publicado em: Bratislava : STU v Bratislave FEI, 2011
Assuntos:
Acesso em linha:VAIS
Tags: Adicionar Tag
Sem tags, seja o primeiro a adicionar uma tag!

MARC

LEADER 00000ntm a22000003a 4500
001 stu230881
005 20150617230140.8
008 110709s2011----xo------------------slo-d
040 |a STU  |b slo 
041 0 |a slo 
044 |a xo 
100 1 |a Juhász, Peter,  |d 1988-  |4 aut  |u E030  |U FEI Fakulta elektrotechniky a informatiky  |T FEI Ústav elektroniky a fotoniky  |X 50007  |U E030  |Y 549  |7 A000050007 
242 0 0 |a Electronic Secure System of Small Objects  |y eng 
245 1 |a Elektronické zabezpečenie malých objektov 
260 |a Bratislava :  |b STU v Bratislave FEI,  |c 2011 
300 |a 44 s  |c príl. 
650 7 |a elektronika  |2 stusub 
650 7 |a Electronics  |2 estusub 
650 7 |a ochrana objektov  |2 stusub 
700 1 |a Kempný, Milan,  |d 1942-  |4 ths  |u E210  |U FEI Fakulta elektrotechniky a informatiky  |T FEI Katedra mikroelektroniky  |X 2114  |U E210  |Y 68  |7 A000002114 
856 4 |a info a plný text  |u http://is.stuba.sk/zp/portal_zp.pl?podrobnosti=48983  |3 VAIS 
996 |b 284ER00773  |c E*Bc-773  |l EE33  |s P  |a 0  |w stu230881_0001